000 00640nam a2200193 i 4500
001 22005
003 ES-MaACL
005 20230906152604.0
007 t|
008 021129s1829 sp ||||1| spa d
100 1 _aAlmeida, Teodoro de.
_920116
245 1 3 _aEl hombre feliz... o arte de vivir contento e cualquier trabajo de la vida /
_cobra escrita en portugués por Teodoro de Almeida.
250 _aNueva edición.
260 _aMadrid :
_bMoreno,
_c1829.
500 _a1 t. en 2 v.
500 _aTraducida al español con notas.
740 0 _aArte de vivir contento e cualquier trabajo de la vida.
852 _aES-MaACL
_jG-9273-4
999 _c22005
_d22005